| 000 | 01536nam0a22003371 4500 | ||
|---|---|---|---|
| 001 | v19\rc\1755079 | ||
| 005 | 20250619063149.0 | ||
| 035 | _a(NLR Aleph) 004857730 | ||
| 090 |
_a4980989 _c4980989 |
||
| 100 | _a20061204d1903 |||y0rusy50 ca | ||
| 101 | 1 |
_arus _cara |
|
| 102 | _aRU | ||
| 105 | _aa z ||||| | ||
| 200 | 1 |
_aАрабские сказки. [Аладдин и волшебная лампа. Сказка о Синдбаде-мореплавателе] _fПер. И. Введенского |
|
| 205 | _a3-е изд. | ||
| 210 |
_aСанкт-Петербург _cН.С. Аскарханов _d1903 |
||
| 215 |
_a65 с. _cил. _d18 |
||
| 300 | _aНадзагол. изд. 6-го: Арабские сказки | ||
| 300 | _aЗагл. изд. 6-го: Аладдин и волшебная лампа. Путешествие Синдбада мореплавателя | ||
| 464 | 0 |
_12001#$aАладдин и волшебная лампа _tАладдин и волшебная лампа |
|
| 464 | 0 |
_12001#$aСказка о Синдбаде-мореплавателе _tСказка о Синдбаде-мореплавателе |
|
| 517 | 0 | _aАладдин и волшебная лампа. Путешествие Синдбада мореплавателя | |
| 702 | 1 |
_aВведенский _bИ. _4730 |
|
| 801 | 0 |
_aRU _bNLR _gpsbo |
|
| 801 | 0 |
_aRU _bRuMoRGB _2psbo |
|
| 801 | 1 |
_aRU _bProSoft-M _2rusmarc |
|
| 852 |
_aNLR _j34.48.6.1142 |
||
| 899 |
_aRuMoRGB _jF 86/174 |
||
| 899 | _aБАН | ||
| 942 | _cBOOK | ||
| 980 | _aNB | ||